000 00517nam a2200205 a 4500
001 BRCA_6261
005 20190320205404.0
008 220711s1920----gw-#######---#000-0#ger-#
041 _ager
044 _agw
050 4 _aPT2603
_b.U64 W44
_c1920
100 1 _aBurg, Paul
_915714
245 1 0 _aDer Wegbereiter und die Liebe
_cPaul Burg.
260 _aLeipzig, Alemania
_bL. Staackman
_c1920
300 _a323 p.
_c19 cm.
500 _aK127
650 1 4 _aLiteratura Alemana
_96160
902 _aGFM
942 _2lcc
_cB
999 _c5948
_d5948